Statistics for 叱咤樂壇至尊歌曲

Click here to take the quiz!

General Stats

  • This quiz has been taken 10 times
    (3 since last reset)
  • The average score is 30 of 36

Answer Stats

至尊歌曲歌手% Correct
2023隱形遊樂場張敬軒
100%
2005夕陽無限好陳奕迅
100%
2022邊一個發明了Encore林家謙
100%
2020呼吸有害莫文蔚
100%
2019我們都是這樣長大的鄭秀文
100%
2018心之科學容祖兒
100%
2016四季陳奕迅
100%
2015無條件陳奕迅
100%
2014流淚行勝利道許志安
100%
2013任我行陳奕迅
100%
2012重口味陳奕迅
100%
2011好不容易方大同
100%
2009七百年後陳奕迅
100%
2008囍帖街謝安琪
100%
2007酷愛張敬軒
100%
2006愛得太遲古巨基
100%
1991每天愛你多一些張學友
100%
2001有病呻吟張學友
100%
1999左右手張國榮
100%
2000K歌之王陳奕迅
100%
2004美中不足許志安 Featuring 葉德嫻
100%
2010SimpleLoveSongRubberBand
100%
2021CiaoRubberBand
100%
2002好心分手盧巧音
67%
1989憑著愛蘇芮
67%
1997愛的呼喚郭富城
67%
2003七友梁漢文
67%
1994那有一天不想你黎明
67%
2017失魂記李克勤
67%
1993狂野之城郭富城
67%
1992容易受傷的女人王靖雯
67%
1998越吻越傷心蘇永康
67%
1990你知道我在等你嗎?張洪量
33%
1996每日一禁果達明一派
33%
1995春光乍洩黃耀明
33%
1988祝福葉蒨文
33%

Score Distribution

Percentile by Number Answered

Percent of People with Each Score

Your Score History

You have not taken this quiz since the last reset